000 01195nam a2200325Ia 4500
003 OSt
005 20221007125144.0
006 a|||||r|||| 00| 0
007 ta
008 221006b |||||||| |||| 00| 0 eng d
020 _a9057022680 (hbd)
_c
_ 85.00
024 _a5235
037 _bSelectbook,
_cTextual
040 _aCDL
_cCDL
_beng
041 _2eng
_aeng
082 _aE92:4, N8
100 _aAtta-ur-Rahman
_9721184
245 0 _aIndole alkaloids by Atta-ur-Rahman and Anwer Basha
_b Basha Anwer
260 _aAustralia
_bHarwood Academic Publishers
_c1998
300 _axix,324p
_ccm.
490 _aFrontiers in natural product research; 2
500 _aIncludes bibliographical references; Index 322-324p; ^n23/CSL/Carc/98-99/6304^d1998-06-09^mPurchase; ; 98-99/93^b1998-07-14^c40064/6/98^d1998-06-24^eSelectbook Service Syndicate; ; 1998-08-16^bSB^c1998-08-18^dSB^r1998-09-24
650 _a Alkaloids
_9721630
650 _a Natural products
_9711396
650 _a Synthesis
650 _aChemistry
700 _a Basha Anwer
_9721631
942 _hE92:4, N8
_cTEXL
_2CC
999 _c1214775
_d1214775